Statistics for Actors by Countries

Click here to take the quiz!

General Stats

  • This quiz has been taken 316 times
  • The average score is 17 of 26

Answer Stats

HintAnswer% Correct
Hugh JackmanAustralia
93%
Jackie ChanHong Kong
91%
Arnold SchwarzeneggerAustria/USA
88%
Jim CarreyCanada
87%
Keira KnightleyUK
82%
Monica BellucciItaly
79%
Charlize TheronSouth Africa/USA
78%
Jet LiChina
77%
Roberto BenigniItaly
75%
Javier BardemSpain
74%
Russell CroweNew Zealand
74%
Sophie MarceauFrance
73%
Colin FarrellIreland
72%
Heath LedgerAustralia
72%
Jean-Claude Van DammeBelgium
71%
Jean RenoFrance
69%
Stellan SkarsgardSweden
65%
Diane KrugerGermany
62%
Kirsten DunstUSA/Germany
60%
Christoph WaltzAustria
56%
Danny TrejoUSA
34%
Hayden ChristensenCanada
33%
Miloš FormanCzech Republic
32%
Peter StormareSweden
23%
Patricia VelásquezVenezuela
22%
Karel RodenCzech Republic
14%

Score Distribution

Percentile by Number Answered

Percent of People with Each Score

Your Score History

You have not taken this quiz